[Event "Srpska Republic-chT 1st League"]
[Site "Banja Dvorovi"]
[Date "2018.08.07"]
[Round "4.5"]
[White "Topic, Dragan"]
[Black "Tonkovic, Robert"]
[Result "0-1"]
[WhiteElo "2209"]
[BlackElo "2094"]
[PlyCount "90"]
[EventDate "2018.08.04"]
[EventType "team-tourn"]
[EventRounds "9"]
[EventCountry "BIH"]
[SourceTitle "CBM 186 Extra"]
[Source "ChessBase"]
[SourceDate "2018.08.24"]
[SourceVersion "1"]
[SourceVersionDate "2018.08.24"]
[SourceQuality "1"]
[WhiteTeam "Brcko Jedinstvo"]
[BlackTeam "Dvorovi"]
[WhiteTeamCountry "BIH"]
[BlackTeamCountry "BIH"]

1. b3 Nf6 2. Bb2 g6 3. e4 d6 4. Nf3 Bg7 5. Be2 Nbd7 6. 0-0 0-0 7. d3 e5 8. Nbd2 Nc5 9. Re1 b6 10. d4 exd4 11. Nxd4 Bb7 12. f3 Nh5 13. Bf1 Qg5 14. Nc4 Nf4 15. g3 Nfe6 16. Bg2 Nxd4 17. Bxd4 Bxd4+ 18. Qxd4 Ne6 19. Qb2 Qc5+ 20. Kh1 Rad8 21. Rad1 d5 22. exd5 Rxd5 23. Ne5 Rfd8 24. Rxd5 Qxd5 25. h4 h5 26. c4 Qd2 27. Qxd2 Rxd2 28. Nxg6 Rxa2 29. Ne7+ Kg7 30. Nd5 Rb2 31. Re3 c6 32. Ne7 Nd4 33. Re5 f6 34. Rxh5 Rxb3 35. f4 Rxg3 36. Be4 f5 37. Bxf5 c5+ 38. Nd5 Bxd5+ 39. cxd5 Nf3 40. Rg5+ Nxg5 41. fxg5 Rf3 42. Be6 Rf4 43. d6 Rxh4+ 44. Kg2 Rd4 45. d7 Kg6 0-1

[Event "Srpska Republic-chT 1st League"]
[Site "Banja Dvorovi"]
[Date "2018.08.06"]
[Round "3.2"]
[White "Tonkovic, Robert"]
[Black "Tomic, Milanka"]
[Result "1-0"]
[WhiteElo "2094"]
[BlackElo "1771"]
[PlyCount "131"]
[EventDate "2018.08.04"]
[EventType "team-tourn"]
[EventRounds "9"]
[EventCountry "BIH"]
[SourceTitle "CBM 186 Extra"]
[Source "ChessBase"]
[SourceDate "2018.08.24"]
[SourceVersion "1"]
[SourceVersionDate "2018.08.24"]
[SourceQuality "1"]
[WhiteTeam "Dvorovi"]
[BlackTeam "Teslic Mladost"]
[WhiteTeamCountry "BIH"]
[BlackTeamCountry "BIH"]

1. e4 e5 2. Nf3 Nf6 3. d3 Nc6 4. g3 g6 5. Bg2 Bg7 6. 0-0 0-0 7. c3 d6 8. Re1 Re8 9. Be3 d5 10. Nbd2 dxe4 11. dxe4 Be6 12. Qc2 Qe7 13. b4 Nd7 14. Ng5 f6 15. Nxe6 Qxe6 16. Bf1 Kh8 17. Bc4 Qe7 18. Nb3 Bf8 19. Red1 Nd8 20. a4 Ne6 21. Na5 Nd8 22. Qd3 Nb6 23. Bb3 Nc8 24. Qd5 Bg7 25. Bc5 Nd6 26. Bxd6 cxd6 27. Qxd6 b6 28. Qxe7 Rxe7 29. Bd5 Rc8 30. Nc4 Ne6 31. Rd3 Rd8 32. Rad1 Red7 33. a5 b5 34. Nb2 Nc7 35. Bc6 Rxd3 36. Rxd3 Rxd3 37. Nxd3 f5 38. Nc5 Kg8 39. Kf1 Kf7 40. Ke2 Ke7 41. Kd3 Kd6 42. Bb7 Ne8 43. f3 Bf6 44. Bc8 Kc7 45. Be6 f4 46. gxf4 exf4 47. Bg8 Be7 48. Ne6+ Kd7 49. Nd4 Nc7 50. Bxh7 g5 51. Bf5+ Kd6 52. Bc8 Bf6 53. Bb7 a6 54. Nb3 Be5 55. h3 Ne6 56. Bxa6 g4 57. hxg4 Ng5 58. Nd2 Kc6 59. c4 bxc4+ 60. Bxc4 Bd6 61. Kc3 Be5+ 62. Kb3 Bd4 63. Be2 Be3 64. Nc4 Ne6 65. Nxe3 fxe3 66. Kc2 1-0

[Event "Srpska Republic-chT 1st League"]
[Site "Banja Dvorovi"]
[Date "2017.08.15"]
[Round "4.3"]
[White "Djeric, Nenad"]
[Black "Tonkovic, Robert"]
[Result "0-1"]
[WhiteElo "2043"]
[BlackElo "2102"]
[PlyCount "84"]
[EventDate "2017.08.12"]
[EventType "team-tourn"]
[EventRounds "9"]
[EventCountry "BIH"]
[SourceTitle "EXT 2019"]
[Source "ChessBase"]
[SourceDate "2018.10.10"]
[SourceVersion "1"]
[SourceVersionDate "2018.10.10"]
[SourceQuality "1"]
[WhiteTeam "Rogatica Gorski Termag"]
[BlackTeam "Dvorovi"]
[WhiteTeamCountry "BIH"]
[BlackTeamCountry "BIH"]

1. d4 Nf6 2. c4 g6 3. Nc3 d5 4. Nf3 Bg7 5. Bg5 0-0 6. Bxf6 Bxf6 7. cxd5 c6 8. dxc6 Nxc6 9. e3 Qa5 10. Qa4 Qxa4 11. Nxa4 Nb4 12. Kd2 Rd8 13. a3 Nc6 14. Bc4 e5 15. d5 e4 16. Ke1 Na5 17. Ba2 exf3 18. Rc1 fxg2 19. Rg1 b5 20. Nc5 Bxb2 21. Rb1 Bc3+ 22. Ke2 a6 23. Rxg2 Nb7 24. Ne4 Bg7 25. Rc1 Nd6 26. Nd2 Bb7 27. f3 Nc4 28. Nxc4 bxc4 29. e4 c3 30. h4 a5 31. h5 Ba6+ 32. Ke1 Rab8 33. hxg6 hxg6 34. d6 Rxd6 35. Rd1 Rxd1+ 36. Kxd1 Rb2 37. Rxb2 cxb2 38. Kc2 g5 39. Kd2 Bd4 40. Bb1 Kg7 41. Kc2 a4 42. Kd2 Bc4 0-1

[Event "Srpska Republic-chT 1st League"]
[Site "Banja Vrucica"]
[Date "2012.08.14"]
[Round "4"]
[White "Tonkovic, Robert"]
[Black "Bakic, Aleksandar"]
[Result "1-0"]
[WhiteElo "2152"]
[BlackElo "1982"]
[PlyCount "103"]
[EventDate "2012.08.11"]
[EventType "team-tourn"]
[EventRounds "7"]
[EventCountry "BIH"]
[SourceTitle "CBM 149 Extra"]
[Source "ChessBase"]
[SourceDate "2012.08.24"]
[SourceVersion "1"]
[SourceVersionDate "2012.08.24"]
[SourceQuality "1"]
[WhiteTeam "Bijeljina"]
[BlackTeam "Dubica"]
[WhiteTeamCountry "SRB"]
[BlackTeamCountry "SRB"]

1. e4 c5 2. Nc3 e6 3. Bc4 Nc6 4. d3 Nf6 5. f4 d5 6. Bb5 dxe4 7. Bxc6+ bxc6 8. Nxe4 Nxe4 9. dxe4 Qxd1+ 10. Kxd1 Ba6 11. Be3 Rd8+ 12. Ke1 Be7 13. Nf3 f6 14. Rd1 Rxd1+ 15. Kxd1 Kf7 16. Re1 Rd8+ 17. Kc1 Bb5 18. Rd1 Rxd1+ 19. Kxd1 Bf1 20. Ne1 Ke8 21. g3 Kd7 22. Nf3 Kc7 23. Nd2 Bh3 24. Ke2 Bg4+ 25. Kd3 Bd1 26. Nc4 h5 27. b3 a6 28. Nb2 Bf3 29. c4 f5 30. e5 Be4+ 31. Kc3 Bb1 32. a3 a5 33. Na4 Kb7 34. Bxc5 Bd8 35. Bf8 Bb6 36. c5 Ba7 37. Bxg7 Be4 38. Bf8 Bd5 39. Bd6 Ka6 40. Nb2 Kb5 41. a4+ Ka6 42. Nc4 Bxc4 43. Kxc4 Kb7 44. Kd4 Bb8 45. Bxb8 Kxb8 46. Ke3 Kc7 47. Kf3 Kd7 48. h3 Ke7 49. g4 hxg4+ 50. hxg4 fxg4+ 51. Kxg4 Kf7 52. Kh5 1-0

[Event "BIH-chT"]
[Site "Neum"]
[Date "2011.06.11"]
[Round "8.4"]
[White "Tonkovic, Robert"]
[Black "Rogovic, Ismet"]
[Result "0-1"]
[WhiteElo "2132"]
[BlackElo "2012"]
[PlyCount "86"]
[EventDate "2011.06.04"]
[EventType "team-tourn"]
[EventRounds "9"]
[EventCountry "BIH"]
[SourceTitle "CBM 142 Extra"]
[Source "ChessBase"]
[SourceDate "2011.06.27"]
[SourceVersion "1"]
[SourceVersionDate "2011.06.27"]
[SourceQuality "1"]
[WhiteTeam "Bijeljina"]
[BlackTeam "Zivinice"]
[WhiteTeamCountry "BIH"]
[BlackTeamCountry "BIH"]

1. e4 e5 2. Nc3 Nc6 3. f4 exf4 4. Nf3 Be7 5. Bc4 d6 6. d4 Bh4+ 7. Kf1 Bg4 8. Bxf4 Bf6 9. Be3 Bd7 10. Kf2 Nge7 11. Rf1 0-0 12. Kg1 a6 13. a3 b5 14. Bd3 b4 15. Ne2 Ng6 16. c3 a5 17. Ng3 bxc3 18. bxc3 a4 19. Nd2 Na5 20. Qh5 Re8 21. Rae1 c5 22. Nf3 Qc8 23. Nf5 Bxf5 24. exf5 Nf8 25. Bg5 Nd7 26. Bf4 cxd4 27. cxd4 Rxe1 28. Rxe1 Qc3 29. Rd1 Bxd4+ 30. Kh1 Nf6 31. Qh4 Qb3 32. Qe1 Re8 33. Qf1 Bc5 34. h3 Qxa3 35. Bb5 Rf8 36. Kh2 Qb4 37. Bg5 Ne4 38. Be7 Rb8 39. Rb1 Nb3 40. Bd3 Ned2 41. Qd1 Nxb1 42. Bxb1 Qf4+ 43. Kh1 Qc1 0-1

[Event "BIH-chT"]
[Site "Neum"]
[Date "2011.06.07"]
[Round "4.4"]
[White "Kurajica, Bojan"]
[Black "Tonkovic, Robert"]
[Result "1/2-1/2"]
[WhiteElo "2531"]
[BlackElo "2132"]
[PlyCount "80"]
[EventDate "2011.06.04"]
[EventType "team-tourn"]
[EventRounds "9"]
[EventCountry "BIH"]
[SourceTitle "CBM 142 Extra"]
[Source "ChessBase"]
[SourceDate "2011.06.27"]
[SourceVersion "1"]
[SourceVersionDate "2011.06.27"]
[SourceQuality "1"]
[WhiteTeam "Bihac"]
[BlackTeam "Bijeljina"]
[WhiteTeamCountry "BIH"]
[BlackTeamCountry "BIH"]

1. Nf3 Nf6 2. d4 g6 3. g3 Bg7 4. Bg2 d6 5. b3 0-0 6. Bb2 c5 7. c4 Nc6 8. 0-0 Bf5 9. e3 Rb8 10. Nc3 Ne4 11. Ne2 Nf6 12. h3 h6 13. g4 Bd7 14. Ng3 a6 15. Rc1 Qc7 16. Qe2 Rfe8 17. Rfd1 e5 18. dxc5 dxc5 19. g5 hxg5 20. Nxg5 Rbd8 21. N3e4 Nxe4 22. Bxe4 Bf6 23. h4 Kg7 24. Qf3 Rh8 25. Qg3 Ne7 26. Rd2 Bf5 27. Rxd8 Rxd8 28. Bd5 Nxd5 29. cxd5 Qe7 30. e4 Bc8 31. Kg2 Rh8 32. Nf3 Rh5 33. b4 b6 34. bxc5 bxc5 35. Kg1 a5 36. Rd1 Qd6 37. Ba3 Ba6 38. Ng5 Qb6 39. Qg4 c4 40. d6 c3 1/2-1/2

[Event "Zupanja op 4th"]
[Site "Zupanja"]
[Date "2010.08.22"]
[Round "5"]
[White "Tonkovic, Robert"]
[Black "Aleksic, Robert"]
[Result "0-1"]
[WhiteElo "2139"]
[BlackElo "2213"]
[PlyCount "88"]
[EventDate "2010.08.20"]
[EventType "swiss"]
[EventRounds "6"]
[EventCountry "CRO"]
[SourceTitle "CBM 138 Extra"]
[Source "ChessBase"]
[SourceDate "2010.10.29"]
[SourceVersion "1"]
[SourceVersionDate "2010.10.29"]
[SourceQuality "1"]

1. e4 c5 2. Nf3 e6 3. d4 cxd4 4. Nxd4 Nf6 5. Nc3 Bb4 6. Bd3 Nc6 7. Nxc6 bxc6 8. 0-0 Qc7 9. f4 d5 10. e5 Nd7 11. Qg4 g6 12. Nd1 Nc5 13. Be2 Ne4 14. c3 Bc5+ 15. Kh1 a5 16. Bf3 Ba6 17. Re1 Nf2+ 18. Nxf2 Bxf2 19. Rd1 Rb8 20. b3 Bc5 21. Qg3 Be7 22. Be3 h5 23. h3 Kf8 24. Rac1 c5 25. Qf2 Kg7 26. Rd2 h4 27. Rdc2 c4 28. bxc4 Bxc4 29. Rd2 a4 30. Bd4 a3 31. Rcc2 Rb1+ 32. Kh2 Rhb8 33. Bg4 Bb5 34. Rd1 Rxd1 35. Bxd1 Ba4 36. Rd2 Bxd1 37. Rxd1 Rb2 38. Rd2 Qb7 39. Be3 Rxd2 40. Qxd2 Qb2 41. Kg1 Bc5 42. Kf1 Bxe3 43. Qxe3 Qxa2 44. f5 Qb1+ 0-1

[Event "Senta op-A 14th"]
[Site "Senta"]
[Date "2010.07.23"]
[Round "8"]
[White "Tonkovic, Robert"]
[Black "Tesik, Csaba"]
[Result "0-1"]
[WhiteElo "2139"]
[BlackElo "2249"]
[PlyCount "48"]
[EventDate "2010.07.17"]
[EventType "swiss"]
[EventRounds "9"]
[EventCountry "YUG"]
[SourceTitle "CBM 137 Extra"]
[Source "ChessBase"]
[SourceDate "2010.09.01"]
[SourceVersion "1"]
[SourceVersionDate "2010.09.01"]
[SourceQuality "1"]

1. e4 e5 2. Nf3 Nc6 3. d4 exd4 4. c3 dxc3 5. Bc4 d6 6. Nxc3 Nf6 7. Ng5 Ne5 8. Bb5+ c6 9. f4 Ned7 10. Bc4 d5 11. exd5 Nb6 12. d6 Nxc4 13. Qe2+ Be6 14. Nxe6 fxe6 15. Qxe6+ Be7 16. Qxc4 Qxd6 17. Be3 Ne4 18. Bd4 0-0-0 19. 0-0-0 Qxf4+ 20. Kb1 Bd6 21. Rhf1 Qg5 22. Bxa7 Rhe8 23. Nd5 Nf6 24. Nb6+ Kc7 0-1

[Event "Senta op-A 14th"]
[Site "Senta"]
[Date "2010.07.19"]
[Round "4"]
[White "Jones, Iolo Cerredig"]
[Black "Tonkovic, Robert"]
[Result "1/2-1/2"]
[WhiteElo "2289"]
[BlackElo "2139"]
[PlyCount "128"]
[EventDate "2010.07.17"]
[EventType "swiss"]
[EventRounds "9"]
[EventCountry "YUG"]
[SourceTitle "CBM 137 Extra"]
[Source "ChessBase"]
[SourceDate "2010.09.01"]
[SourceVersion "1"]
[SourceVersionDate "2010.09.01"]
[SourceQuality "1"]

1. d4 g6 2. e4 d6 3. Nf3 Bg7 4. c3 Nf6 5. Nbd2 0-0 6. Be2 c6 7. 0-0 Qc7 8. Re1 e5 9. dxe5 dxe5 10. Bf1 h6 11. Nc4 Rd8 12. Qc2 Nbd7 13. Rd1 Re8 14. Nd6 Re6 15. Nxc8 Rxc8 16. b4 Ree8 17. Bc4 Nb6 18. Be2 Nbd7 19. Bb2 b6 20. Nd2 Nf8 21. g3 Ne6 22. Nf3 Nh7 23. Rd2 Rcd8 24. Rad1 Rxd2 25. Rxd2 Rd8 26. h4 Nhf8 27. Bc1 Rd7 28. Rxd7 Qxd7 29. h5 g5 30. Nd2 Qe7 31. Nc4 Nd7 32. Ne3 Bf8 33. Nf5 Qd8 34. Qa4 Qc7 35. Be3 Nf6 36. Qc2 Kh7 37. g4 Ne8 38. Bc4 N6g7 39. Kg2 Nxf5 40. exf5 Nf6 41. Qd1 Kg7 42. f3 Bd6 43. Bd3 Nd5 44. Bf2 c5 45. Be4 Nf6 46. b5 Nxe4 47. fxe4 f6 48. Be3 Qe7 49. Qd5 Bc7 50. Kf2 Bd8 51. Ke2 Bc7 52. Qb7 Bd8 53. Qxe7+ Bxe7 54. Kd3 Kf7 55. Kc4 Ke8 56. Kd5 Kd7 57. a4 Bf8 58. a5 Be7 59. a6 Bf8 60. c4 Be7 61. Bd2 Bf8 62. Bc3 Bd6 63. Bd2 Bc7 64. Bc3 Bd6 1/2-1/2

[Event "Senta op-A 14th"]
[Site "Senta"]
[Date "2010.07.17"]
[Round "1"]
[White "Tonkovic, Robert"]
[Black "Andrijevic, Milan"]
[Result "0-1"]
[WhiteElo "2139"]
[BlackElo "2375"]
[PlyCount "56"]
[EventDate "2010.07.17"]
[EventType "swiss"]
[EventRounds "9"]
[EventCountry "YUG"]
[SourceTitle "CBM 137 Extra"]
[Source "ChessBase"]
[SourceDate "2010.09.01"]
[SourceVersion "1"]
[SourceVersionDate "2010.09.01"]
[SourceQuality "1"]

1. e4 c5 2. Nf3 e6 3. d4 cxd4 4. Nxd4 Nc6 5. Be2 Qc7 6. 0-0 Nf6 7. Nc3 a6 8. a3 Be7 9. Kh1 0-0 10. f4 d6 11. Bf3 Nxd4 12. Qxd4 e5 13. Qf2 exf4 14. Bxf4 Be6 15. Qg3 Nd7 16. Nd5 Bxd5 17. exd5 Ne5 18. Be4 g6 19. Bd2 Rfe8 20. Bc3 Bf8 21. Rae1 Bg7 22. h3 Rf8 23. Rf3 Nxf3 24. Bxg7 Kxg7 25. Qxf3 Rae8 26. Rf1 f5 27. Bd3 Re5 28. Rd1 Rfe8 0-1

[Event "BIH-chT 9th"]
[Site "Bihac"]
[Date "2010.06.11"]
[Round "7"]
[White "Tonkovic, Robert"]
[Black "Sadikovic, Jasmin"]
[Result "1-0"]
[WhiteElo "2133"]
[BlackElo "2100"]
[PlyCount "93"]
[EventDate "2010.06.05"]
[EventType "team-tourn"]
[EventRounds "9"]
[EventCountry "BIH"]
[SourceTitle "EXT 2019"]
[Source "ChessBase"]
[SourceDate "2018.10.10"]
[SourceVersion "1"]
[SourceVersionDate "2018.10.10"]
[SourceQuality "1"]
[WhiteTeam "Bijeljina SK Panteri"]
[BlackTeam "Gorazde"]
[WhiteTeamCountry "BIH"]
[BlackTeamCountry "BIH"]

1. e4 c5 2. Nf3 d6 3. d4 cxd4 4. Nxd4 Nf6 5. Nc3 a6 6. Be2 e5 7. Nb3 Be6 8. Be3 Be7 9. 0-0 b5 10. a3 Nbd7 11. f4 Rc8 12. Qe1 exf4 13. Rxf4 Ne5 14. Nd4 Qc7 15. Nxe6 fxe6 16. Qg3 Ng6 17. Rff1 0-0 18. Rad1 Qc6 19. Qh3 Qd7 20. Bg5 Rc5 21. Be3 Rc7 22. Qg3 Qe8 23. Bd4 e5 24. Be3 Qa8 25. Bf3 Rc4 26. Bg5 Qb8 27. Qh3 Qa7+ 28. Kh1 Kh8 29. Be2 Nxe4 30. Rxf8+ Bxf8 31. Be3 Nf2+ 32. Bxf2 Qxf2 33. Rf1 Qh4 34. Bxc4 Qxc4 35. Qf3 Kg8 36. Nd5 Nf4 37. Nxf4 exf4 38. Qxf4 Qxf4 39. Rxf4 g5 40. Rf5 h6 41. g4 Bg7 42. b3 Be5 43. Kg2 Kg7 44. c4 bxc4 45. bxc4 Kg6 46. h3 Bc3 47. Kf3 1-0

[Event "Senta op-A 13th"]
[Site "Senta"]
[Date "2009.07.21"]
[Round "5"]
[White "Tancik, Kristijan"]
[Black "Tonkovic, Robert"]
[Result "1-0"]
[WhiteElo "2255"]
[BlackElo "2106"]
[PlyCount "79"]
[EventDate "2009.07.18"]
[EventType "swiss"]
[EventRounds "9"]
[EventCountry "YUG"]
[SourceTitle "CBM 131 Extra"]
[Source "ChessBase"]
[SourceDate "2009.09.03"]
[SourceVersion "2"]
[SourceVersionDate "2009.09.16"]
[SourceQuality "1"]

1. d4 Nf6 2. c4 g6 3. Nc3 Bg7 4. e4 d6 5. Be2 0-0 6. Bg5 h6 7. Be3 e5 8. d5 Nbd7 9. Qd2 Kh7 10. f3 Nc5 11. h4 Ne8 12. h5 g5 13. g4 b6 14. Nh3 Bf6 15. Nf2 Be7 16. 0-0 f6 17. b4 Nb7 18. Rfc1 Bd7 19. Nd3 Ng7 20. Rab1 Qe8 21. Bd1 Rg8 22. c5 dxc5 23. bxc5 Nxc5 24. Nxc5 bxc5 25. Qf2 Qf7 26. Bxc5 Bxc5 27. Qxc5 Nxh5 28. gxh5 g4 29. f4 exf4 30. Ne2 Qxh5 31. Nxf4 Qe5 32. Qxc7 Qd4+ 33. Kf1 g3 34. Qxd7+ Kh8 35. Rc2 Qxe4 36. Ng2 Qd3+ 37. Kg1 Qd4+ 38. Kh1 Rae8 39. Qh3 Rg6 40. Bh5 1-0

[Event "DDS League and op 12th"]
[Site "Tuzla"]
[Date "2006.09.20"]
[Round "9"]
[White "Sprecic, Mustafa"]
[Black "Tonkovic, Robert"]
[Result "1/2-1/2"]
[WhiteElo "2339"]
[BlackElo "2084"]
[PlyCount "100"]
[EventDate "2006.09.15"]
[EventType "team"]
[EventRounds "9"]
[EventCountry "BIH"]
[SourceTitle "CBM 114 Extra"]
[Source "ChessBase"]
[SourceDate "2006.11.03"]
[SourceVersion "1"]
[SourceVersionDate "2006.11.03"]
[SourceQuality "1"]

1. d4 Nf6 2. Nf3 g6 3. g3 d5 4. Bg2 Bg7 5. c4 dxc4 6. Ne5 0-0 7. Nxc4 Nc6 8. d5 Nb4 9. Nc3 c6 10. e4 cxd5 11. exd5 Bf5 12. Ne3 Nd3+ 13. Ke2 Ng4 14. Nxf5 Ndxf2 15. Qb3 gxf5 16. Rf1 Ne4 17. Nxe4 fxe4 18. Bxe4 Nf6 19. Bf3 Qd7 20. h4 Rad8 21. Rd1 Rfe8 22. Kf1 Qf5 23. Bf4 Ng4 24. Kg2 Ne5 25. Be2 Qe4+ 26. Kf2 Rc8 27. Rac1 b6 28. Qe3 Qf5 29. Rxc8 Rxc8 30. Rd2 Ng6 31. Bd3 Qh3 32. Bf1 Qf5 33. Qd3 Qxd3 34. Bxd3 Nxf4 35. gxf4 Bd4+ 36. Kf3 Bf6 37. h5 Kg7 38. h6+ Kxh6 39. Rh2+ Kg7 40. Rxh7+ Kg8 41. Rh2 Rc5 42. Ke4 Rc1 43. b3 Bc3 44. Bc4 Bb4 45. Rg2+ Kf8 46. a4 Bc5 47. Rh2 Kg7 48. Kf5 Rg1 49. Rc2 a5 50. Rh2 Bd6 1/2-1/2